Keeping the faith (Record no. 72838)

MARC details
000 -LEADER
fixed length control field 01062cam a2200205 4500
001 - CONTROL NUMBER
control field ABS66769
008 - FIXED-LENGTH DATA ELEMENTS--GENERAL INFORMATION
fixed length control field 030606n2003 000 0 eng u
035 ## - SYSTEM CONTROL NUMBER
System control number (Sirsi) u122544
100 ## - MAIN ENTRY--PERSONAL NAME
Personal name Green, B.
245 ## - TITLE STATEMENT
Title Keeping the faith
260 ## - PUBLICATION, DISTRIBUTION, ETC.
Date of publication, distribution, etc. 2003
490 ## - SERIES STATEMENT
Series statement Construction News
Volume/sequential designation (Supplement)(6819) June/July 2003, 6-10(4)
520 ## - SUMMARY, ETC.
Summary, etc. Discusses whether new methods of measuring firms' commitment to sustainability and other social objectives will have an impact on suppliers and contractors. Argues that firms need to be able to show their dedication to sustainability and suggests methods of measurability such as membership of the Considerate Constructors Scheme. Recommends firms include such measures within their operational structure and maintain a balance between what can be standardised and what should remain flexible. Diagram.
590 ## - LOCAL NOTE (RLIN)
Local note ABS
650 ## - SUBJECT ADDED ENTRY--TOPICAL TERM
Topical term or geographic name entry element CORPORATE SOCIAL RESPONSIBILITY
650 ## - SUBJECT ADDED ENTRY--TOPICAL TERM
Topical term or geographic name entry element Sustainability
9 (RLIN) 6271
650 ## - SUBJECT ADDED ENTRY--TOPICAL TERM
Topical term or geographic name entry element CONSIDERATE CONTRACTORS SCHEME
690 ## - LOCAL SUBJECT ADDED ENTRY--TOPICAL TERM (OCLC, RLIN)
Topical term or geographic name as entry element BUILDING AND CONSTRUCTION-MANAGEMENT
942 ## - ADDED ENTRY ELEMENTS (KOHA)
Suppress in OPAC 0
Holdings
Withdrawn status Lost status Source of classification or shelving scheme Damaged status Not for loan Home library Current library Shelving location Date acquired Total Checkouts Full call number Barcode Date last seen Copy number Price effective from Koha item type
    Dewey Decimal Classification     London London Journal article 06/06/2003   ABS66769 122544-1001 06/08/2019 1 06/08/2019 Journal article